[Event "Airthings Masters MCCT Prel 2022"]
[Site "Online"]
[Date "2022.02.13"]
[Round "11.3"]
[White "Praggnanandhaa R"]
[Black "Nepomniachtchi, Ian"]
[Result "0-1"]
[WhiteElo "2612"]
[BlackElo "2773"]
[Annotator "TA"]
[PlyCount "144"]
[EventDate "2022.02.18"]
[EventType "tourn"]
[EventCountry "NET"]
[SourceTitle "playchess.com"]
[Source "ChessBase"]
[SourceQuality "1"]

{[%evp 9,144,16,13,12,15,7,10,-4,19,11,28,14,32,0,0,-9,0,0,10,10,20,17,23,0,0,
0,23,-10,33,33,33,8,65,68,68,27,38,31,31,14,31,26,87,0,0,-358,-370,-512,-510,
-512,-511,-441,-263,-183,-197,-376,-328,-269,-203,-290,-295,-286,-275,-375,
-378,-581,-675,-667,-589,-588,-571,-545,-537,-705,-700,-627,-640,-606,-341,
-333,-239,-243,-234,-289,-289,-289,-275,-289,-278,-285,-286,-255,-258,-254,
-219,-430,-430,-12834,-12835,-12834,-357,-12825,-323,-320,-234,-12830,-12831,
-12831,-12829,-12832,-12832,-12837,-12834,-12836,-12836,-12840,-12839,-12840,
-12840,-12841,-12839,-12840,0,-12840,-12839,-12840,-12839,-12840,-12840,-12842,
-12843,-12845,-12842,-12844,-12844,-12849,-12849]} 1. e4 e5 2. Nf3 Nc6 3. Bb5
Nf6 4. d3 Bc5 5. Nbd2 {[%cal Bb1d2,Bd2c4,Bc4e3][%mdl 32]} O-O 6. Bxc6 {C65:
Ruy Lopez: Berlin Defence (3...Nf6), unusual lines and 4 0-0 Bc5.} dxc6 7. Nc4
Nd7 8. h4 {The position is equal.} b5 9. Ne3 (9. Ncxe5 Nxe5 10. Nxe5 Qd4 $17)
9... Re8 10. h5 Nf8 11. Bd2 {[#]} a5 $146 ({Predecessor:} 11... Rb8 12. a3 Bd4
13. c3 Bc5 14. Qc2 Qf6 15. O-O-O h6 16. d4 exd4 17. cxd4 Bxd4 18. Nxd4 Qxd4 {
½-½ (64) Ivanchuk,V (2691)-Deac,B (2623) Forni di Sopra 2019}) 12. Nh4 a4 13.
Nef5 Bxf5 14. Nxf5 Ne6 15. Qg4 {[%cal Of5g7]} Kh8 16. Rh3 {[%cal Bh1h3,Bh3g3,
Bg3d3][%mdl 32]} Bf8 17. Be3 c5 18. Rd1 b4 (18... Be7 $11) 19. Rg3 $14 b3 20.
cxb3 axb3 (20... a3 $1 $11) 21. a3 $1 ({But not} 21. axb3 Rb8 $15) 21... Ra4
22. Bd2 (22. Kf1 $14 {is superior.}) 22... c4 $11 23. Bc3 cxd3 $1 24. Rgxd3 ({
Much worse is} 24. Rdxd3 Qa8 25. f3 f6 $17) 24... Qf6 25. f3 {Rd5 is the
strong threat.} (25. Kf1 $5 {[%cal Rf5g3]}) 25... c5 (25... Nc5 $11 {keeps the
balance.}) 26. Qg3 (26. Nd6 $16 Bxd6 27. Rxd6) 26... Nd4 27. Bxd4 $4 {[%mdl
8192] Black keeps a firm grip on the game.} (27. Kf2 $11) 27... exd4 $19 28.
Kf1 g6 29. hxg6 fxg6 30. Qh4 Qxh4 (30... Qa6 $142 31. Kg1 gxf5) 31. Nxh4 Be7 {
Hoping for ...Rb8.} 32. g3 $2 (32. Nxg6+ {was forced.} hxg6 33. Rxb3) 32... c4
33. Rxd4 Bf6 34. R4d2 (34. e5 $142 Rxe5 35. Rd6) 34... c3 35. bxc3 {[%cal
Oe4e5]} Rxa3 ({Inferior is} 35... Bxc3 36. Rd3 Rc8 37. Kf2 $17) 36. Rd7 Rb8 {
To avoid Rb7} 37. f4 (37. Ke2 {was worth a try.} b2 38. Rb1) 37... b2 38. Rb1
Ra1 39. Rdd1 Bxc3 40. Ke2 Rba8 {[#] And now ...Rxb1 would win.} 41. Nf3 Rxb1
42. Rxb1 {[%mdl 4096] Endgame KRB-KRN} Ra1 43. Nd2 Kg7 44. Kd3 Bxd2 45. Rxb2 {
KRB-KR} Bc1 46. Rb7+ Kh6 47. Ke2 Ra3 48. Rc7 Bb2 49. g4 g5 50. Rc6+ Kg7 51.
Rc7+ Kf8 52. fxg5 (52. Rc8+ Ke7 53. Rc7+ Kd6 54. Rb7) 52... Kg8 53. Kf2 (53.
Rc5 $142 Rg3 54. Kf2) 53... Bd4+ 54. Kg2 {[#]} Re3 $2 (54... Rg3+ $3 {[%mdl
512]} 55. Kxg3 (55. Kh2 Rxg4) 55... Be5+ 56. Kg2 Bxc7) 55. Rd7 $2 (55. Re7)
55... Bc5 $2 (55... Rxe4 56. Rd8+ Kf7) 56. Rc7 Bf8 57. Kf2 $2 (57. Rc4) 57...
Rxe4 58. Kf3 Re5 59. Kg3 Rxg5 60. Kh4 Re5 61. Kh3 Be7 62. Rc4 Kg7 63. Rc3 Kg6
64. Rb3 Kg5 65. Rf3 Kg6 $2 ({Black should play} 65... Re1 $19 66. Rf5+ Kg6) 66.
Rd3 $2 {[%mdl 8192]} (66. Rb3 $11 Bd6 67. Rd3) 66... Re6 {Black is clearly
winning.} 67. Kg3 Bd6+ 68. Kh4 Bf4 69. Rf3 Re4 70. Ra3 Rd4 71. Rf3 Bd6 72. Re3
h5 {Weighted Error Value: White=0.76/Black=0.36} 0-1

[Event "Airthings Masters MCCT Prel 2022"]
[Site "Online"]
[Date "2022.02.13"]
[Round "11.4"]
[White "Le, Quang Liem"]
[Black "Esipenko, Andrey"]
[Result "1-0"]
[WhiteElo "2709"]
[BlackElo "2714"]
[Annotator "TA"]
[PlyCount "123"]
[EventDate "2022.02.18"]
[EventType "tourn"]
[EventCountry "NET"]
[SourceTitle "playchess.com"]
[Source "ChessBase"]
[SourceQuality "1"]

{[%evp 14,123,18,16,15,6,12,15,11,12,12,5,24,0,4,5,0,0,31,29,24,25,29,31,43,52,
56,56,59,41,43,43,34,39,53,53,63,53,53,53,66,66,66,66,74,74,83,74,88,74,82,76,
82,72,72,72,131,22,22,22,22,22,22,23,30,21,21,11,12,30,20,17,21,9,61,61,61,61,
71,14,14,10,15,0,20,26,123,122,122,0,0,0,142,142,142,142,29970,29971,29971,
29972,29972,29973,29977,29978,29978,29979,29980,29981,29980,29981,29981,29979]
} 1. d4 {Stohl,I} Nf6 2. c4 e6 3. Nf3 d5 4. Nc3 Bb4 5. Bg5 h6 6. Bxf6 Qxf6 7.
Qa4+ Nc6 8. e3 O-O {D38: Queen's Gambit Declined: Ragozin Defence (4 Nf3 Bb4).}
9. Be2 dxc4 10. O-O Bd7 {The position is equal.} 11. Bxc4 Bxc3 12. bxc3 Rfd8 {
[%cal Oc6d4]} 13. Be2 Be8 {[%cal Oc6d4] [#] aiming for ...Nxd4!} 14. Qa3 Qe7
15. Qb2 Na5 16. Qb4 Qxb4 17. cxb4 Nc6 {[%cal Ba5c6,Bc6e7,Be7f5][%mdl 32]} 18.
Rab1 {[#]} a6 $146 ({Predecessor:} 18... a5 19. bxa5 Nxa5 20. Rfc1 Rdc8 21. Ne1
Ra7 22. Nd3 Nc6 23. Bf3 Nd8 24. Nb4 Ra5 {1-0 (58) Topalov,V (2798)-Aronian,L 
(2780) Stavanger 2015 CBM 167 [Stohl,I]}) 19. Rfc1 Rdc8 20. Nd2 {[%cal Bf3d2,
Bd2b3,Bb3c5][%mdl 32]} Ne7 21. Kf1 Bb5 22. Nb3 c6 23. g3 Nf5 24. Nc5 Nd6 25. a4
Bxe2+ 26. Kxe2 Rd8 27. g4 Kf8 28. h4 {[%cal Bh2h4,Bh4h5][%mdl 32]} Ke7 29. h5
Rdc8 30. Kf3 {White is more active.} Rc7 31. Nd3 Rcc8 32. e4 Rd8 33. Ke3 Rac8
34. f3 Rd7 (34... Ra8 $142) 35. b5 ({Better is} 35. e5 $16 Ne8 36. b5) 35...
cxb5 {And now ...Nc4+ would win.} 36. Rxc8 Nxc8 37. axb5 axb5 38. Rxb5 $11 {
[%mdl 4096] Endgame KRN-KRN} Nd6 39. Rb4 b5 40. Nc5 Ra7 41. Kf4 Ra3 42. e5 Nc4
43. Ne4 Rd3 (43... Ne3 $1 $11 44. Rxb5 Ng2+ 45. Kg3 Ne1) 44. Rxb5 $14 {Rb7+ is
the strong threat.} Rxd4 45. Rb4 Kd7 $1 46. Rb7+ (46. Ra4 $16) 46... Ke8 $11
47. Rc7 Nb6 {To avoid Rc8+. Strongly threatening ...Nd5+.} 48. Rb7 Nd7 49. Ke3
Rxe4+ 50. fxe4 $16 Nxe5 $11 {KR-KN} 51. Kd4 ({White should play} 51. Kf4 $16
Nd3+ 52. Kf3) 51... Nxg4 52. Kc5 {White wants to mate with Kd6.} Kf8 (52... Nf6
$11 {keeps the balance.}) 53. Kd6 $16 {[%cal Rb7b8]} Kg8 54. Ke7 {Threatens to
win with Rb8+.} f5 $2 {[%mdl 8192] [#] Loses the game.} (54... Ne5 $16 55. Rb8+
Kh7) 55. Kxe6 {White mates.} fxe4 56. Kf5 $1 {[%csl LRe4,LRg4]} Nf6 57. Kg6 Kf8
58. Rf7+ Ke8 59. Rxg7 Nd5 60. Kxh6 e3 61. Rg5 Nf6 62. Kg6 {Weighted Error
Value: White=0.12 (very precise) /Black=0.27 (precise)} 1-0

[Event "Airthings Masters MCCT Prel 2022"]
[Site "Online"]
[Date "2022.02.13"]
[Round "11.5"]
[White "Hansen, Eric"]
[Black "Abdusattorov, Nodirbek"]
[Result "0-1"]
[WhiteElo "2606"]
[BlackElo "2651"]
[Annotator "TA"]
[PlyCount "73"]
[EventDate "2022.02.18"]
[EventType "tourn"]
[EventCountry "NET"]
[SourceTitle "playchess.com"]
[Source "ChessBase"]
[SourceQuality "1"]

{[%evp 9,73,25,24,21,25,25,20,16,25,19,18,24,31,22,48,36,33,38,39,40,37,12,29,
22,33,40,41,33,45,46,48,30,45,0,0,0,13,22,35,29,62,52,79,71,103,31,27,26,33,22,
37,47,27,0,0,0,0,-546,-541,-564,-557,-548,-535,-564,-455,-401]} 1. e4 c5 2. Nf3
Nc6 3. Bb5 e5 4. O-O Bd6 5. a4 Nf6 6. d3 {B30: Sicilian: 2...Nc6 3 Bb5, lines
without ...g6.} a6 7. Bc4 Be7 8. Nc3 {The position is equal.} O-O 9. Nd5 d6 10.
c3 {[#]} Be6 $146 ({Predecessor:} 10... Rb8 11. Ne3 Be6 12. Bd5 Qd7 13. Qb3 Bd8
14. Rd1 Bc7 15. Qa2 Ne7 16. Bxe6 fxe6 {0-1 (49) Blanco,M (2073)-Rodriguez,J 
(2403) Caba 2018}) 11. h3 (11. Bd2 {seems wilder.} Rc8 12. Re1 Re8 13. Qe2 Bg4
14. Ne3) 11... Kh8 (11... Rc8 {with more complications.} 12. Re1 Re8 13. Bb3
Na5 14. Ba2 c4) 12. Ng5 Bxd5 13. exd5 Nb8 14. a5 Nbd7 15. b4 cxb4 16. cxb4 g6
17. Re1 Ne8 {[%cal Bf6e8,Be8c7,Bc7d5,Bd5f4][%mdl 32]} 18. Nf3 f5 19. Rb1 Nc7
20. Be3 g5 21. b5 (21. Bd2 $14) 21... axb5 $11 22. Bxb5 Nxd5 23. Bd2 {Prevents
Nc3.} Nf4 24. Bc4 Rb8 25. Rb5 Bf6 26. Bxf4 gxf4 27. Bd5 ({White should try} 27.
Be6 $16) 27... Qc7 $14 28. Qb1 {[%cal Rd5b7]} Nc5 29. Rc1 Qd7 {[%cal Oe5e4]}
30. d4 (30. Ne1 {feels hotter.} e4 31. a6 Nxa6 32. dxe4 fxe4 33. Bxe4 Nc5 34.
Bf5) 30... exd4 31. Bxb7 Rxb7 {[%cal Bb8b7,Bb7b5,Bb5d5][%mdl 32]} (31... Nxb7
32. a6 Rf7 33. Qb3 $18) 32. Rcxc5 Rfb8 (32... dxc5 $2 33. Rxb7 Qc6 34. Rb6 $18)
33. Qxf5 {[%mdl 8192]} Qxf5 $19 {Black is clearly winning.} ({Less strong is} 
33... dxc5 34. Qxd7 Rxd7 35. Rxb8+ Kg7 36. a6 $14) 34. Rxf5 {[#] Threatens to
win with Rxb7.} Rxb5 35. Rxf6 Rd5 36. Re6 d3 37. Re1 {To avoid Rb1.  Weighted
Error Value: White=0.32/Black=0.09 (flawless)} 0-1

[Event "Airthings Masters MCCT Prel 2022"]
[Site "Online"]
[Date "2022.02.13"]
[Round "11.6"]
[White "Ding, Liren"]
[Black "Carlsen, Magnus"]
[Result "1/2-1/2"]
[WhiteElo "2799"]
[BlackElo "2865"]
[Annotator "TA"]
[PlyCount "21"]
[EventDate "2022.02.18"]
[EventType "tourn"]
[EventCountry "NET"]
[SourceTitle "playchess.com"]
[Source "ChessBase"]
[SourceQuality "1"]

{[%evp 11,21,0,3,6,31,16,20,0,23,0,28,0]} 1. d4 Nf6 2. c4 g6 3. g3 c6 4. Bg2 d5
5. Nf3 Bg7 6. cxd5 cxd5 7. Ne5 {D73: Fianchetto Grünfeld: 5 Nf3 .} Ne4 (7...
O-O 8. Nc3 Bf5 9. O-O Ne4 10. Bf4 Nxc3 11. bxc3 Nc6 12. Nxc6 bxc6 13. Qa4 e6
14. Qxc6 Rc8 15. Qa4 Rxc3 16. Rfc1 Rxc1+ 17. Rxc1 Qb6 18. e3 {½-½ (39) Ding,
L (2812)-Carlsen,M (2845) Shamkir 2019}) 8. Nd2 {[#]} Nf6 $146 ({Predecessor:} 
8... Nd7 9. Nxe4 dxe4 10. O-O O-O 11. Nxd7 Bxd7 12. Bxe4 Bh3 13. Re1 Bxd4 14.
Qb3 Be6 15. Qf3 Qb6 16. Be3 Bxe3 17. Qxe3 Qxe3 18. fxe3 Rac8 {½-½ (32)
Carlsen,M (2862)-Vachier Lagrave,M (2784) chess24.com INT 2021}) 9. Nb1 Ne4 {
now supersedes 9...0-0.} 10. Nd2 Nf6 11. Nb1 {An even fight not without its
subleties.  Weighted Error Value: White=0.15 (very precise) /Black=0.06 
(flawless)} 1/2-1/2

[Event "Airthings Masters MCCT Prel 2022"]
[Site "Online"]
[Date "2022.02.13"]
[Round "11.7"]
[White "Duda, Jan-Krzysztof"]
[Black "Giri, Anish"]
[Result "1-0"]
[WhiteElo "2760"]
[BlackElo "2772"]
[Annotator "TA"]
[PlyCount "98"]
[EventDate "2022.02.18"]
[EventType "tourn"]
[EventCountry "NET"]
[SourceTitle "playchess.com"]
[Source "ChessBase"]
[SourceQuality "1"]

{[%evp 13,98,0,8,16,10,4,12,0,4,0,0,0,-8,-12,0,4,11,18,11,21,20,12,12,22,10,27,
29,25,14,6,13,9,14,15,17,20,17,20,20,20,22,22,25,0,0,0,8,0,4,8,8,5,5,5,331,331,
304,272,271,264,347,276,275,252,264,256,261,265,370,327,300,279,262,279,507,
505,497,480,393,327,762,745,720,404,29983,29980,29984]} 1. d4 {Atalik,S} Nf6 2.
c4 e6 3. Nf3 d5 4. Nc3 Bb4 5. Qa4+ Nc6 6. a3 Bxc3+ 7. bxc3 Bd7 {[%cal Oc6d4]}
8. cxd5 $1 {The main line 8.cxd5 scores better than 8.Qc2. D38: Queen's Gambit
Declined: Ragozin Defence (4 Nf3 Bb4).} exd5 9. Bg5 h6 10. Bxf6 {The position
is equal.} Qxf6 11. e3 O-O 12. Bd3 b6 13. O-O Qd6 14. Qc2 {[#]} Rac8 $146 ({
Predecessor:} 14... Ne7 15. c4 c5 16. cxd5 Nxd5 17. dxc5 Qxc5 18. Qxc5 bxc5 19.
Bc4 Nb6 20. Ne5 Nxc4 21. Nxd7 {½-½ (52) Atalik,S (2551)-Akobian,V (2486) San
Francisco 2002 CBM 092 [Atalik,S]}) 15. c4 dxc4 16. Bxc4 Na5 17. Ba6 Rcd8 {
White must now prevent ...b5.} 18. Qc3 Be6 19. Rac1 c6 20. Ne5 Bd5 21. Nd3 Rfe8
22. Rfe1 Nb3 23. Rb1 c5 ({But not} 23... Qxa3 24. Nb4 $16) 24. Rxb3 {[%cal
Rd4c5]} cxd4 25. exd4 Bxb3 26. Qxb3 {Strongly threatening Ne5.} Rxe1+ 27. Nxe1
{aiming for Nf3.} Qxd4 28. Bf1 (28. Bc4 $5 {[%cal Rc4f7]}) 28... Qd1 29. Qe3
Qd2 30. Qe4 Qc1 31. Nc2 Rc8 32. Ne3 Qxa3 33. Nf5 Kh8 $2 {[%mdl 8192] [#] This
move loses the game for Black.} (33... Rd8 $11 {and Black is okay.}) 34. Nxg7
$1 $18 {[%mdl 512]} Qd6 35. Nf5 Qf6 36. g3 a5 37. Ne3 {Hoping for Bd3.} Rd8 38.
Bb5 Kg8 39. h4 Kf8 40. Kg2 Qd4 41. Qh7 Qf6 42. Ng4 Qg7 43. Qf5 ({Inferior is} 
43. Qxh6 Qxh6 44. Nxh6 Rd4 $17) 43... Qg6 $2 (43... Qd4) 44. Qf4 Rd5 45. Bc4
Rf5 46. Qb8+ Ke7 $2 (46... Kg7 47. Ne5 Qf6) 47. Qc7+ Kf8 48. Ne5 Qh5 {[#]} (
48... Rxe5 $18 49. Qxe5 Qc6+ 50. Bd5 Qd7) 49. g4 $1 Rxf2+ {Weighted Error
Value: White=0.14 (very precise) /Black=0.41} (49... Qxh4 50. Qc8+) 1-0

[Event "Airthings Masters MCCT Prel 2022"]
[Site "Online"]
[Date "2022.02.13"]
[Round "11.8"]
[White "Aronian, Levon"]
[Black "Mamedyarov, Shakhriyar"]
[Result "1/2-1/2"]
[WhiteElo "2772"]
[BlackElo "2767"]
[Annotator "TA"]
[PlyCount "81"]
[EventDate "2022.02.18"]
[EventType "tourn"]
[EventCountry "NET"]
[SourceTitle "playchess.com"]
[Source "ChessBase"]
[SourceQuality "1"]

{[%evp 9,81,0,0,-31,0,0,0,0,0,0,0,0,0,0,0,0,0,0,0,0,0,0,0,0,0,0,161,155,182,
143,120,42,103,112,111,95,97,43,117,100,63,92,102,79,92,22,87,119,71,0,0,-22,0,
0,0,-183,0,0,0,0,0,0,0,0,0,0,0,0,0,0,0,0,0,0]} 1. e4 e5 2. Nf3 Nc6 3. Bc4 Bc5
4. O-O Nf6 5. Re1 Ng4 6. Re2 {C50: Hungarian Defence and Giuoco Pianissimo.} (
6. Rf1 $5 {[%cal Rc2c3]}) 6... Nd4 (6... f5 $5 7. exf5 d5 $11) 7. Nxd4 Bxd4 {
[#]} 8. h3 $146 ({Predecessor:} 8. c3 Qh4 9. h3 Bxf2+ 10. Rxf2 Qxf2+ 11. Kh1
Nf6 12. d4 exd4 13. cxd4 Nxe4 14. Nc3 Nxc3 15. bxc3 {0-1 (29) Machado,W (1944)
-Siqueira,A (1922) Rio de Janeiro 2009}) 8... d5 9. Bxd5 (9. exd5 $2 Nxf2 10.
Rxf2 Bxf2+ 11. Kxf2 Qh4+ 12. Kg1 Qxc4 $19) 9... Qh4 10. hxg4 Bxg4 11. Qf1 $1 (
11. Bxb7 Rb8 12. Qf1 (12. Bc6+ $2 Kd8 $19) 12... Rxb7 $17) 11... O-O-O $1 12.
c3 ({Avoid the trap} 12. Bxf7 $2 Rd6 13. d3 Rf8 $19) 12... Rd6 $1 {[%cal Od6h6]
( -> ...Rh6!)} 13. cxd4 Bxe2 14. Qxe2 Rh6 {[%csl Gh6][%cal Rh4h1]} 15. f3 {
Black must now prevent Na3.} Qh1+ 16. Kf2 {Na3 is the strong threat.} Qxc1 17.
Qe1 Qxb2 (17... Qxe1+ $11 18. Kxe1 Rh1+ 19. Kf2 f6) 18. Nc3 $36 {[%mdl 2048]
White is on the roll.} c6 {[#]} 19. Rb1 $1 Qa3 20. dxe5 Qc5+ (20... cxd5 $14
21. exd5 Qc5+ 22. Qe3 Qxe3+ 23. Kxe3 Ra6) 21. Qe3 $16 Qxe3+ 22. Kxe3 ({Much
worse is} 22. dxe3 $6 cxd5 23. exd5 Rb6 $11) 22... cxd5 23. exd5 Rb6 (23... b6
$1 $14) 24. Rxb6 axb6 {[%mdl 4096] Endgame KR-KN} 25. f4 Kd7 26. Na4 {[%mdl
1024] White has strong compensation.} Kc7 27. d6+ ({White should play} 27. f5
$1 $16) 27... Kc6 $11 28. d4 b5 {[#]} 29. Nc5 (29. Nc3 $1 $16) 29... Ra8 30.
Nd3 g6 31. Nb4+ $1 Kd7 32. Ke4 $2 {[#]} (32. Nd5 $1 $11 {and White stays safe.}
Ra3+ 33. Ke2) 32... Ra4 $2 (32... Ra3 $1 $19 33. f5 Ra4) 33. Nd5 {Hoping for
Nb6+. The position is equal.} Rxa2 34. Nf6+ Kd8 35. d5 Rxg2 {Strongly
threatening ...Rf2.} 36. Ke3 {Inhibits Rf2.} Rg1 37. Kd2 {White threatens e6
and mate.} Rg2+ $1 38. Kd3 {White wants to mate with e6.} Rg1 {Threatens to
win with ...Rf1.} 39. Kd2 Rg2+ $1 40. Kd3 {Intending e6 and mate.} Rg1 {
aiming for ...Rf1.} 41. Kd2 {Black escapes into a draw.  Weighted Error Value:
White=0.22 (precise) /Black=0.17 (very precise)} 1/2-1/2

[Event "Airthings Masters MCCT Prel 2022"]
[Site "Online"]
[Date "2022.02.13"]
[Round "12.1"]
[White "Artemiev, Vladislav"]
[Black "Mamedyarov, Shakhriyar"]
[Result "1/2-1/2"]
[WhiteElo "2700"]
[BlackElo "2767"]
[Annotator "TA"]
[PlyCount "104"]
[EventDate "2022.02.18"]
[EventType "tourn"]
[EventCountry "NET"]
[SourceTitle "playchess.com"]
[Source "ChessBase"]
[SourceQuality "1"]

{[%evp 15,104,26,28,21,27,25,27,17,14,12,13,13,14,11,14,16,2,7,33,33,84,81,72,
68,85,84,93,70,81,42,103,100,96,52,44,44,65,65,73,77,78,78,78,78,78,78,79,80,
84,77,90,81,81,83,98,90,91,83,114,109,116,122,124,91,91,91,91,78,78,78,78,78,
78,78,78,78,85,31,31,31,31,18,32,26,26,26,26,26,26,26,26]} 1. Nf3 d5 2. g3 g6
3. Bg2 Bg7 4. O-O Nf6 5. c4 c6 6. b3 Ne4 7. d4 O-O 8. Bb2 a5 {[%cal Oa5a4] 8...
a5 is a critical line.} 9. e3 {D78: Fianchetto Grünfeld: 6 0-0 c6.} a4 10.
Nfd2 Nxd2 11. Qxd2 (11. Nxd2 {with more complications.} Bf5 12. Qe2 Qd7 13.
Rfc1 h5 14. a3) 11... axb3 12. axb3 Rxa1 13. Bxa1 {[#]} Be6 $146 ({Predecessor:
} 13... dxc4 14. bxc4 c5 15. Na3 cxd4 16. exd4 e5 17. d5 Nc6 18. Nb5 Na5 19.
Qb4 b6 {1-0 (46) McNab,C (2473)-Bates,R (2392) Hinckley Island 2009}) 14. Qb4
Qd7 15. Nc3 Na6 16. Qa4 {Threatening cxd5.} Rd8 17. cxd5 cxd5 (17... Bxd5 $14
18. Nxd5 cxd5) 18. Qxd7 Rxd7 19. Bb2 f6 20. Ra1 Bf7 21. Bf1 Bf8 22. Ba3 Nb8 (
22... Rc7 $14 23. Na4 Be8) 23. Bc5 $16 e5 24. Bh3 (24. b4 $16) 24... Rd8 $1 $14
25. Bb6 Re8 26. Ra8 exd4 27. Bxd4 Kg7 28. Bg2 {White is more active.} Nc6 29.
Rxe8 Bxe8 30. Bb6 Nb4 31. Nxd5 Bf7 32. Nc3 Bxb3 33. Bxb7 Be6 34. e4 Nd3 35. Bd5
Bd7 36. Bd4 Bd6 37. f4 Bb8 38. Bc4 Nb4 39. Nd5 Nxd5 40. Bxd5 $16 {[%mdl 4096]
Endgame KBB-KBB} h6 41. h4 Bc7 42. Kf2 Bd8 43. Kf3 h5 44. Ke3 Kf8 45. Bc5+ Kg7
46. e5 (46. Ke2 $16) 46... fxe5 $14 47. fxe5 g5 48. Bd4 {[#] Black must now
prevent e6+.} Kf8 49. e6 Bxe6 {White has an edge.} 50. Bxe6 {Hoping for hxg5.}
gxh4 51. gxh4 Bxh4 52. Kf4 Ke7 {Weighted Error Value: White=0.07 (flawless) /
Black=0.06 (flawless)} 1/2-1/2

[Event "Airthings Masters MCCT Prel 2022"]
[Site "Online"]
[Date "2022.02.13"]
[Round "12.2"]
[White "Giri, Anish"]
[Black "Aronian, Levon"]
[Result "1/2-1/2"]
[WhiteElo "2772"]
[BlackElo "2772"]
[Annotator "TA"]
[PlyCount "59"]
[EventDate "2022.02.18"]
[EventType "tourn"]
[EventCountry "NET"]
[SourceTitle "playchess.com"]
[Source "ChessBase"]
[SourceQuality "1"]

{[%evp 15,59,21,21,14,4,16,20,22,5,0,10,0,9,0,0,0,18,29,11,12,16,16,11,21,13,6,
7,20,37,39,60,59,69,67,68,0,0,0,0,0,0,0,0,0,0,0]} 1. Nf3 d5 2. g3 c5 3. Bg2 Nc6
4. d4 Nf6 5. O-O e6 6. c4 dxc4 7. Qa4 (7. dxc5 Qxd1 8. Rxd1 Bxc5 9. Nbd2 c3 10.
bxc3 O-O 11. Nb3 Be7 12. c4 Bd7 13. a4 Rad8 14. Bb2 Bc8 15. Nfd4 Nxd4 16. Bxd4
b6 17. a5 Nd7 18. axb6 axb6 19. Bc6 Bf6 20. Bb5 g5 {½-½ (34) Giri,A (2780)
-Aronian,L (2781) Bucharest 2021}) 7... Bd7 8. Qxc4 b5 9. Qc3 {E04: Open
Catalan: 5 Nf3.} b4 10. Qd3 Rc8 11. dxc5 Bxc5 12. Nbd2 $1 {[%mdl 4] is
recently more successful than 12.Be3.} O-O {[#]} 13. b3 $146 ({Predecessor:} 
13. Nb3 Bb6 14. Be3 e5 15. Ng5 h6 16. Ne4 Bf5 17. Bxb6 axb6 18. Nxf6+ Qxf6 19.
Qb5 {0-1 (46) Shankland,S (2708)-Aronian,L (2782) Kolkata 2021}) 13... e5 14.
Bb2 Qe7 15. Rac1 e4 {[#]} 16. Bxf6 $1 exd3 17. Bxe7 Bxe7 18. exd3 Rfd8 19. Nc4
Kf8 20. Nfe5 Nxe5 21. Nxe5 Rxc1 22. Rxc1 Bf6 23. Rc5 Bxe5 24. Rxe5 $14 {
[%mdl 4096] Endgame KRB-KRB} Rc8 {[#] ( -> ...Rc1+)} 25. f4 (25. Be4 $14) 25...
Rc2 $11 {The position is equal.} 26. Ra5 Rc1+ 27. Kf2 $1 {Black must now
prevent Ke3.} Rc2+ 28. Kg1 Rc1+ 29. Kf2 $1 Rc2+ 30. Kg1 {Weighted Error Value:
White=0.07 (flawless) /Black=0.04 (flawless)} 1/2-1/2

[Event "Airthings Masters MCCT Prel 2022"]
[Site "Online"]
[Date "2022.02.13"]
[Round "12.3"]
[White "Carlsen, Magnus"]
[Black "Duda, Jan-Krzysztof"]
[Result "1-0"]
[WhiteElo "2865"]
[BlackElo "2760"]
[Annotator "TA"]
[PlyCount "39"]
[EventDate "2022.02.18"]
[EventType "tourn"]
[EventCountry "NET"]
[SourceTitle "playchess.com"]
[Source "ChessBase"]
[SourceQuality "1"]

{[%evp 9,39,31,23,31,37,53,40,25,67,57,67,52,87,80,75,85,183,178,255,253,377,
376,376,360,366,348,379,381,375,370,970,898]} 1. e4 c5 2. Nc3 g6 3. d4 cxd4 4.
Qxd4 Nf6 5. Be3 Nc6 6. Qd2 {B23: Closed Sicilian: Lines without g3.} d6 7. f3
Bg7 8. Nge2 {[%cal Bg1e2,Be2f4,Bf4d3][%mdl 32] [#] White is slightly better.}
Be6 $146 (8... a6 $11 {was preferrable.}) ({Predecessor:} 8... Bd7 9. Nf4 Rc8
10. h4 h5 11. Nfd5 e6 12. Nxf6+ Bxf6 13. O-O-O Nb4 14. Bd4 O-O 15. Bxf6 Qxf6 {
1-0 (66) Gabrielian,A (2464)-Horobetz,G Chess.com INT 2021}) 9. Nf4 $14 O-O 10.
h4 Ne5 11. h5 $1 Bc4 12. hxg6 hxg6 {[#]} (12... fxg6 $16 {was worth a try.} 13.
b3 Bf7) 13. Nd3 $1 $18 Be6 (13... Bxd3 $142 14. cxd3 (14. Bxd3 Rc8 $16) 14...
Re8) 14. Bh6 {Black must now prevent Bxg7.} Nh5 (14... Nc4 {was called for.}
15. Qc1 Bh8) 15. Bxg7 Kxg7 {[#]} 16. Rxh5 {[%mdl 512]} gxh5 17. Nxe5 {Qg5+ is
the strong threat.} dxe5 18. Qg5+ Kh7 {aiming for ...f6.} 19. Qxh5+ Kg8 $2 (
19... Kg7 20. Qxe5+ Kh6 21. Qh2+ (21. Rd1 Qb8 $11) 21... Kg7 22. Qe5+ Kh6 23.
Qh2+ (23. Rd1 Qb8 $11) 23... Kg6 24. Qg3+ Kh7 25. Qh4+ Kg7 26. Qg5+ Kh8 27.
Qh5+ (27. Rd1 Qb6 $16) 27... Kg7 28. Qg5+ Kh8 29. Qh5+ (29. Rd1 Qb6 $16) 29...
Kg7 30. Qg5+) 20. Bd3 {Weighted Error Value: White=0.01 (flawless) /Black=0.39}
1-0